Jeremias|Hier (lyrics) - Statistiken

Allgemein
  • Dieses Quiz wurde 12 mal gespielt
  • Das Durchschnittsergebnis liegt bei 101 aus 141
Antwortstatistiken
Hint Antwort % Korrekt
alle
100%
1. Strophe | 2. Strophe Ich
100%
ich
100%
mir
100%
nicht
100%
Und
100%
und
100%
Wir
100%
wo
100%
als
86%
das
86%
Das
86%
hier
86%
ist
86%
uns
86%
zu
86%
an
71%
auch
71%
ein
71%
gleich
71%
heute
71%
immer
71%
Mein
71%
nichts
71%
wären
71%
Wenn
71%
wieder
71%
aber
57%
bild
57%
egal
57%
fang
57%
finden
57%
grade
57%
hab
57%
mehr
57%
Platz
57%
reicht
57%
sein
57%
suchen
57%
überall
57%
angefang‘n
43%
annähernd
43%
aufgehört
43%
gar
43%
irgendwann
43%
lügen
43%
nur
43%
rauchen
43%
Refrain Scheint
43%
sowieso
43%
vielleicht
43%
was
43%
will
43%
Zumindest
43%
Drama
29%
Stirbt
29%
Keine übereinstimmenden Quizze gefunden
Verteilung der Resultate
Anzahl Personen mit jedem Resultat
Perzentil nach korrekt beantworteten Fragen
Ihre Resultats-Entwicklung
Sie haben dieses Quiz noch nicht gespielt